| 000 | 00392cam a2200145ua 4500 | ||
|---|---|---|---|
| 041 |
_aeng _h |
||
| 082 |
_a629.25 _bFLU/TR |
||
| 100 | _aFluskey, E E . | ||
| 245 |
_aTroubles experienced with automatics: Their cause and curve / _cE E Fluskey. _hTextual Documents |
||
| 260 |
_aLondon : _bMachinery publishing co ltd. |
||
| 300 | _a48 ; . | ||
| 504 | _a | ||
| 942 | _cBK | ||
| 999 |
_c9656 _d9656 |
||